000 00729nam a2200193 a 4500
001 000035020
005 20200930074042.0
008 111024s1959 fr ab 000 0 spa d
040 _aDO-SdBNP
_bspa
_cBNPHU
100 1 _aJames, E. O.
_960642
245 1 3 _aLa religion préhistorique :
_bétude d'Archéologie préhistorique: paléolithique - mésolithique - néolithique /
_cE. O. James.
260 _aParis :
_bPayot,
_c1959.
300 _a316 p. :
_bil., ma p. ;
_c23 cm.
500 _aIncluye índice
500 _aIncluye referencias bibliográficas y notas al pie de la páginas
504 _aBibliografía : p. [293]-297
590 _aPerteneció a la biblioteca personal de Juan Isidro Jimenes Grullón
049 _aBNPD
999 _c34511
_d34511